|
|
|
|
| LEADER |
00000cam a2200000 7i4500 |
| 001 |
0000004347 |
| 002 |
000004671 |
| 005 |
20000330.0 |
| 020 |
|
|
|a T000000355
|
| 090 |
0 |
0 |
|a 030
|b NEW
|
| 245 |
0 |
4 |
|a The New Universal Library
|
| 260 |
|
|
|a London :
|b The Caxton PublishingCo ,
|c 1967
|
| 300 |
|
|
|a Pv :
|b Illust ;
|c 25cm.
|
| 650 |
0 |
0 |
|a Encyclopedias and dictionaries
|
| 999 |
|
|
|a 0007923v11
|b ENSIKLOPEDIA DEWASA
|c RUJUKAN
|e PERPUSTAKAAN KOMUNITI PETALING JAYA
|
| 999 |
|
|
|a 0007924v12
|b ENSIKLOPEDIA DEWASA
|c RUJUKAN
|e PERPUSTAKAAN KOMUNITI PETALING JAYA
|
| 999 |
|
|
|a 0007925v13
|b ENSIKLOPEDIA DEWASA
|c RUJUKAN
|e PERPUSTAKAAN KOMUNITI PETALING JAYA
|
| 999 |
|
|
|a 0007926v14
|b ENSIKLOPEDIA DEWASA
|c RUJUKAN
|e PERPUSTAKAAN KOMUNITI PETALING JAYA
|
| 999 |
|
|
|a 0007927v15
|b ENSIKLOPEDIA DEWASA
|c RUJUKAN
|e PERPUSTAKAAN KOMUNITI PETALING JAYA
|
| 999 |
|
|
|a 0007928v16
|b ENSIKLOPEDIA DEWASA
|c RUJUKAN
|e PERPUSTAKAAN KOMUNITI PETALING JAYA
|
| 999 |
|
|
|a 0007929v17
|b ENSIKLOPEDIA DEWASA
|c RUJUKAN
|e PERPUSTAKAAN KOMUNITI PETALING JAYA
|
| 999 |
|
|
|a 0007930v18
|b ENSIKLOPEDIA DEWASA
|c RUJUKAN
|e PERPUSTAKAAN KOMUNITI PETALING JAYA
|
| 999 |
|
|
|a 0007931v19
|b ENSIKLOPEDIA DEWASA
|c RUJUKAN
|e PERPUSTAKAAN KOMUNITI PETALING JAYA
|
| 999 |
|
|
|a 0007932v20
|b ENSIKLOPEDIA DEWASA
|c RUJUKAN
|e PERPUSTAKAAN KOMUNITI PETALING JAYA
|
| 999 |
|
|
|a 0007933v21
|b ENSIKLOPEDIA DEWASA
|c RUJUKAN
|e PERPUSTAKAAN KOMUNITI PETALING JAYA
|
| 999 |
|
|
|a 0007934v22
|b ENSIKLOPEDIA DEWASA
|c RUJUKAN
|e PERPUSTAKAAN KOMUNITI PETALING JAYA
|
| 999 |
|
|
|a 0007935v3
|b ENSIKLOPEDIA DEWASA
|c RUJUKAN
|e PERPUSTAKAAN KOMUNITI PETALING JAYA
|
| 999 |
|
|
|a 0007936v4
|b ENSIKLOPEDIA DEWASA
|c RUJUKAN
|e PERPUSTAKAAN KOMUNITI PETALING JAYA
|
| 999 |
|
|
|a 0007938v7
|b ENSIKLOPEDIA DEWASA
|c RUJUKAN
|e PERPUSTAKAAN KOMUNITI PETALING JAYA
|
| 999 |
|
|
|a 0007939v8
|b ENSIKLOPEDIA DEWASA
|c RUJUKAN
|e PERPUSTAKAAN KOMUNITI PETALING JAYA
|
| 999 |
|
|
|a 0007940v9
|b ENSIKLOPEDIA DEWASA
|c RUJUKAN
|e PERPUSTAKAAN KOMUNITI PETALING JAYA
|
| 999 |
|
|
|a 0007941v6
|b ENSIKLOPEDIA DEWASA
|c RUJUKAN
|e PERPUSTAKAAN KOMUNITI PETALING JAYA
|
| 999 |
|
|
|a 0007942v10
|b ENSIKLOPEDIA DEWASA
|c RUJUKAN
|e PERPUSTAKAAN KOMUNITI PETALING JAYA
|
| 999 |
|
|
|a 0007943v1
|b ENSIKLOPEDIA DEWASA
|c RUJUKAN
|e PERPUSTAKAAN KOMUNITI PETALING JAYA
|
| 999 |
|
|
|a 0007944v2
|b ENSIKLOPEDIA DEWASA
|c RUJUKAN
|e PERPUSTAKAAN KOMUNITI PETALING JAYA
|